| 000 | 00938 a2200205 4500 | ||
|---|---|---|---|
| 001 | 45937 | ||
| 005 | 20260407155732.0 | ||
| 008 | 260407a1976 arg spa d | ||
| 003 | AR-UNSa-BCEJYS | ||
| 040 |
_aAR-UNSa-BCEJYS _bspa _cAR-UNSa-BCEJYS |
||
| 080 |
_a316.2 _xPuntos de vista y corrientes sociológicas |
||
| 245 | 1 | 0 | _aLas etapas del pensamiento sociologico |
| 264 | 1 |
_aBuenos Aires : _bSiglo Veinte _c1976 |
|
| 300 |
_a2v.(346, 405 p.) _c20 cm. |
||
| 505 | _aVOL. I.: Primera Parte: LOS FUNDADORES: 1. Charles-Louis de Secondat barón de Montesquieu – 2. Augusto Comte – 3. Carlos Marx – 4. Alexis de Tocqueville – 5. Los sociólogos y la revolución de 1848. - - VOL. II. : Segunda Parte: LA GENERACION DE FIN DE SIGLO: 1. Introducción – 2. Emile Durkheim – 3. Vilfredo Pareto – 4. Max Weber. | ||
| 942 | _cBK | ||
| 590 | _aniveau_biblio:m niveau_hierar:0 | ||
| 100 | 1 | _aAron, Raymond | |
| 700 | 1 | _aLeal, Anibal | |
| 999 |
_c4066 _d4066 |
||